000 00660nam a2200181 i 4500
001 189879
003 ES-MaACL
005 20250919130043.0
008 191217s2009 sp a |||| | spa d
080 _a7(460)(091)
245 0 4 _aLas artes decorativas en el urbanismo español /
_c[autores de los textos, José María Blázquez Martínez ... et al.].
260 _a[Madrid] :
_bFomento de Construcciones y Contratas,
_c[2009]
300 _a366 p. :
_bil. col. y n. ;
_c31 cm.
650 4 _aArte español-
_vHistoria.
_910194
700 1 _aBlázquez, José María,
_d1926-
_9141915
852 4 _aES-MaACL
_jL-32460
_z- Enc. tela
999 _c189879
_d189879